| 000 | 00707cam a22002414a 4500 | ||
|---|---|---|---|
| 999 |
_c149393 _d149393 |
||
| 003 | UPN | ||
| 005 | 20230610063835.0 | ||
| 008 | 100811m20032009mx a r 000 j spa d | ||
| 020 | _a9702405750 | ||
| 035 | _aUPN01000177290 | ||
| 040 |
_aUPN _bspa _cUPN |
||
| 049 | _aI | ||
| 050 | 4 |
_aPN6053 _bC8.3 |
|
| 245 | 0 | 0 |
_aCuentos del mundo / _ccomp. Arnulfo Uriel de Santiago Gómez. |
| 260 |
_aMéxico : _bPatria, _c2003 (2009 impr.). |
||
| 300 |
_a194 p. : _bil. col. |
||
| 490 | 0 |
_aPatria infantil-juvenil ; _v5 |
|
| 650 | 4 |
_aLiteratura (Selecciones, extractos, etc.) _910749 |
|
| 650 | 4 |
_aCuentos _93090 |
|
| 700 | 1 |
_aSantiago Gómez, Arnulfo Uriel de, _ecomp. |
|
| 905 | _aInfantil | ||
| 942 |
_2lcc _cLIBRO |
||